Artificial intellgence : (Record no. 197219)

MARC details
000 -LEADER
fixed length control field 01390nam a2200253Ia 4500
005 - DATE AND TIME OF LATEST TRANSACTION
control field 20260211164358.0
008 - FIXED-LENGTH DATA ELEMENTS--GENERAL INFORMATION
fixed length control field 210716s2018 xx 000 0 und d
020 ## - INTERNATIONAL STANDARD BOOK NUMBER
International Standard Book Number 9788126576104
040 ## - CATALOGING SOURCE
Transcribing agency AIMIT LIBRARY
041 ## - LANGUAGE CODE
Language code of text/sound track or separate title eng
082 ## - DEWEY DECIMAL CLASSIFICATION NUMBER
Classification number 006.3
Edition number 1
Item number MUEJ
100 ## - MAIN ENTRY--PERSONAL NAME
Personal name Mueller, John Paul.
9 (RLIN) 246788
245 ## - TITLE STATEMENT
Title Artificial intellgence :
Remainder of title for dummies /
Statement of responsibility, etc. By John Paul Mueller and Luca Massaron.
250 ## - EDITION STATEMENT
Edition statement 1st ed.
260 ## - PUBLICATION, DISTRIBUTION, ETC.
Place of publication, distribution, etc. New Delhi :
Name of publisher, distributor, etc. Wiley India Pvt Ltd ,
Date of publication, distribution, etc. 2018.
300 ## - PHYSICAL DESCRIPTION
Extent xiii,311p. ;
Other physical details PB
Dimensions 24 cm
500 ## - GENERAL NOTE
General note The term "Artificial Intelligence" has been around since the 1950s, but a lot has changed since then. Today, AI is referenced in the news, books, movies, and tv shows, and the exact definition is often misinterpreted. Artificial Intelligence For Dummies provides a clear introduction to AI, and how it is being used today. This book will give an overview of the technology, and address common misconceptions regarding Artificial Intelligence.
505 ## - FORMATTED CONTENTS NOTE
Formatted contents note About the Author<br/>John Mueller is a freelance author and technical editor. He is the author of Machine Learning for Dummies and Algorithms for Dummies<br/><br/>
650 ## - SUBJECT ADDED ENTRY--TOPICAL TERM
Topical term or geographic name entry element Working with software- based AI applications
9 (RLIN) 246789
650 ## - SUBJECT ADDED ENTRY--TOPICAL TERM
Topical term or geographic name entry element Considering the future of AI
9 (RLIN) 246790
650 ## - SUBJECT ADDED ENTRY--TOPICAL TERM
Topical term or geographic name entry element The part of tens
9 (RLIN) 246791
700 ## - ADDED ENTRY--PERSONAL NAME
Personal name Massaron, Luca.
9 (RLIN) 246792
942 ## - ADDED ENTRY ELEMENTS (KOHA)
Source of classification or shelving scheme Dewey Decimal Classification
Koha item type Book
Edition 1st
Call number prefix 006.3 MUEJ
Holdings
Withdrawn status Lost status Source of classification or shelving scheme Damaged status Not for loan Collection code Home library Current library Shelving location Source of acquisition Cost, normal purchase price Inventory number Total Checkouts Full call number Barcode Date last seen Cost, replacement price Price effective from Koha item type Date acquired
    Dewey Decimal Classification     MCA St Aloysius Institute of Management & Information Technology St Aloysius Institute of Management & Information Technology Artificial intelligence Knowledge World 599.00 Bill no:614; Bill dt:2019-02-25   006.3 MUEJ MCA16507 05/23/2026 449.25 07/16/2021 Book  
    Dewey Decimal Classification     MCA St Aloysius Institute of Management & Information Technology St Aloysius Institute of Management & Information Technology Artificial intelligence Knowledge World 599.00 Bill no:929; Bill dt:2020-03-16   006.3 MUEJ MCA16734 05/23/2026 449.25 07/16/2021 Book  
    Dewey Decimal Classification     MCA St Aloysius Institute of Management & Information Technology St Aloysius Institute of Management & Information Technology Artificial intelligence Knowledge World 859.00 Bill.no:1288; Bill.dt:2026/01/26   006.3 MUEJ MCA17347 05/23/2026 644.25 02/10/2026 Book 02/03/2026